00356pam a2200145a 44500008004100000020000900041041001200050082001800062100003400080245004500114250000900159260002200168300001100190650000900201230515b1990 xxu||||| |||| 00| 0 eng d aNULL aENGLISH a621.3192/ JOH aJOHNSON D. E. / HILBURN J. L. aBASIC ELECTRIC CIRCUITS ANALYSIS (IV ED) aNULL aNULLbP.H.Ic1990 a674 HB aNULL